Normal view MARC view
  • Eckstein, Dave

Entry Personal Name

Number of records used in: 1

001 - CONTROL NUMBER

  • control field: 62220

003 - CONTROL NUMBER IDENTIFIER

  • control field: NUST

005 - DATE AND TIME OF LATEST TRANSACTION

  • control field: 20210628202910.0

008 - FIXED-LENGTH DATA ELEMENTS

  • fixed length control field: 210628|| aca||aabn | a|a d

040 ## - CATALOGING SOURCE

  • Original cataloging agency: NUST
  • Transcribing agency: NUST

100 ## - HEADING--PERSONAL NAME

  • Personal name: Eckstein, Dave

670 ## - SOURCE DATA FOUND

  • Source citation: Work cat.: (NUST): Eckstein, Dave, Buried plastic pipe technology, 2nd volume, 1994
© 2023 Central Library, National University of Sciences and Technology. All Rights Reserved.